|
|
|
|
| LEADER |
00781cam a2200217 7i4500 |
| 001 |
0000036920 |
| 005 |
20230106090000.0 |
| 007 |
##ta |
| 008 |
220712s2022 may |
| 040 |
# |
# |
|a MATR
|
| 090 |
0 |
0 |
|a M 344.042
|b UND
|
| 245 |
0 |
0 |
|a Undang-Undang Malaysia: Akta 490 :
|b Akta Perbadanan Pembangunan Perdagangan Luar Malaysia.
|
| 264 |
# |
1 |
|a Kuala Lumpurr:
|b MDC Publishers,
|c 2022.
|
| 300 |
# |
# |
|a 20 pages:
|b colour photographs;
|c 26 cm.
|
| 336 |
# |
# |
|a text
|2 rdacontent
|
| 337 |
# |
# |
|a unmediated
|2 rdamedia
|
| 338 |
# |
# |
|a volume
|2 rdacarrier
|
| 650 |
# |
0 |
|a Law and legislation --
|z Malaysia
|
| 999 |
|
|
|a 0000041831
|b Book
|c Book
|e Business Information Centre
|
| 999 |
|
|
|a 0000041830
|b Book
|c Book
|e Business Information Centre
|
| 999 |
|
|
|a 0000041829
|b Book
|c Book
|e Business Information Centre
|